LEADER 01076nam a2200241 u 4500 001 000000018587 003 CaOOAMICUS 005 20180209101112.0 008 950114s1925 it u000 u ita u 032 $aLibriCat 035 $a10439741 040 $aPUL(R)$bita 100 1 $aLevi, Adolfo,$d1878-1948.$0(OLS)http://pul/name/16509 245 13$aIl pensiero di Francesco Bacone considerato in relazione con le filosofie della natura del rinascimento e col razionalismo cartesiano /$cAdolfo Levi. 260 $aTorino :$bParavia,$c1925. 300 $a435, [1] p. ;$c24 cm 600 14$aBacon, Francis,$d1561-1626$xFilosofia.$0(OLS)http://pul/subject/36830 850 $aPUL 852 $aPUL$W1$xDP2 Filosofia 1$y62$m83 A 26$j26183$nBK-PRI$b $qStampati$B26183$CPULBib$Z2$F26183 $81 941 1 $a8 996 $6245$aIl pensiero di Francesco Bacone considerato in relazione con le filosofie della natura del rinascimento e col razionalismo cartesiano$9(OLS)http://pul/title/26452 996 $6260$aTorino :$bParavia$9(OLS)http://pul/publisher/52077 LEADER 01345nam a2200289 u 4500 001 000000104761 003 CaOOAMICUS 005 20070427144713.0 008 070427s2006 gw u001 u ger u 020 $a3-16-148592-0 040 $aPUL$bita$dLDB 245 00$aApokalyptik als Herausforderung neutestamentlicher Theologie /$chrsg von Michael Beckler und Markus Öhler. 260 $aTübingen :$bMohr Siebeck,$cc2006. 300 $aviii,447 p. ;$c24 cm 490 1 $aWissenschaftliche Untersuchungen zum Neuen Testament.$aReihe 2 ;$v214 500 $aIndici: p. [403]-447. 504 $aBibliografia in nota. 650 14$aEscatologia cristiana.$0(OLS)http://pul/subject/9754 700 1 $aÖhler, Markus,$d1967-$0(OLS)http://pul/name/53659 700 1 $aBeckler, Michael,$d1958-$0(OLS)http://pul/name/64362 830 0$aWissenschaftliche Untersuchungen zum Neuen Testament.$nReihe 2 ;$v214.$0(OLS)http://pul/title/264 850 $aPUL 852 $aPUL$W1$xSL Religione 1$y3$m16 I 214$j117326$qStampati$B117281$CPULBib$Z2$F117281 $H102433 $82 941 1 $a8 996 $6020$a3-16-148592-0$9(OLS)http://pul/number/134141 996 $6245$aApokalyptik als Herausforderung neutestamentlicher Theologie$9(OLS)http://pul/title/131765 996 $6260$aTübingen :$bMohr Siebeck$9(OLS)http://pul/publisher/52004